Land vs. Land #8 - Statistiken

Allgemein
  • Dieses Quiz wurde 55 mal gespielt
  • Das Durchschnittsergebnis liegt bei 12 aus 14
Antwortstatistiken
Frage Antwort % Korrekt
...Einwohner? Serbien🇷🇸
100%
...Fläche? Serbien🇷🇸
98%
...Militär? Serbien🇷🇸
98%
...Bruttoinlandsprodukt? Serbien🇷🇸
94%
...Exportmengen? Serbien🇷🇸
94%
...Gewinner? Serbien🇷🇸
94%
...Frieden? Vanuatu🇻🇺
94%
...Gesundheitswesen? Serbien🇷🇸
90%
...durchschnittlicher IQ? Serbien🇷🇸
82%
...Tourismus? Serbien🇷🇸
80%
...Bruttoinlandsprodukt pro Kopf? Serbien🇷🇸
78%
...Lebenserwartung? Serbien🇷🇸
76%
...Happy Planet Index? Vanuatu🇻🇺
76%
...HDI (Human Development Index)? Serbien🇷🇸
71%
Keine übereinstimmenden Quizze gefunden
Verteilung der Resultate
Anzahl Personen mit jedem Resultat
Perzentil nach korrekt beantworteten Fragen
Ihre Resultats-Entwicklung
Sie haben dieses Quiz noch nicht gespielt